00556 2200205 4500001002100000005001500021035002000036007000300056008004100059020002200100082000800122084001400130100002800144245004100172250001100213260004600224300004600270700001800316990001600334INLIS00000000000045020201217074925 a0010-1220000037ta201217 0 ind  a978-602-1580-48-6 a001 a001 ERI k0 aErik Putra Childacayana1 aKamus IPS /cErik Putra Childacayana acet. 1 aSurakarta :bAksarra Sinergi Media,c2017 aviii + 400 hal. :bilus. ;c14,5 x 21 cm.0 aEko Sujatmiko a00000009322